| 000 | 00912nam a22002297a 4500 | ||
|---|---|---|---|
| 008 | 090312t xxu||||| |||| 00| 0 eng d | ||
| 010 | _aENG-93159 | ||
| 020 | _c150.00 | ||
| 035 | _aEN-76692 | ||
| 037 | _bDBAD / PUB | ||
| 040 |
_adpl _bEnglish |
||
| 082 | _a332.1 | ||
| 100 | _aDharmadhikarai, Vandana Vijay | ||
| 245 |
_aBanking horizon: _cby Vandana Vijay Dharmadhikari and translated by Pushpa Arun Pandit _ban English version of a Marathi book / |
||
| 260 |
_aPune _bRohan Graphics _c2007 |
||
| 270 |
_aShop No. 15/31, Aditya, 501, Rasta Peth, _bPune, _e411011 |
||
| 300 |
_a165p.: _c21cm (pbk) _bill. |
||
| 650 | _aBanks and banking. | ||
| 700 | _aPushpa Arun Pandit | ||
| 942 |
_2ddc _cEN _mDHA _h332.1 |
||
| 999 |
_c25043 _d25043 |
||